| 000 | 00835nam a22002297a 4500 | ||
|---|---|---|---|
| 003 | LK-CoDNM | ||
| 005 | 20241008095651.0 | ||
| 008 | 241008b |||||||| |||| 00| 0 eng d | ||
| 040 |
_aLK-CoDNM _dLK-CoDNM _eLK-CoDNM |
||
| 041 |
_asin _aeng |
||
| 080 |
_a105 _bA25 |
||
| 100 | _aබෝපිටියේ ධර්මසිද්ධි හිමි | ||
| 245 | _aතෙරුවන් වැඳීම හා බෝධි වන්දනාව | ||
| 260 |
_aසමයවර්ධන මුද්රණාලය _bකොළඹ 10 _c1986 |
||
| 300 | _a16p ; 23cm | ||
| 650 | _a105 A25 | ||
| 650 | _aSinhala | ||
| 650 | _aබෝපිටියේ ධර්මසිද්ධි හිමි | ||
| 650 | _aතෙරුවන් වැඳීම හා බෝධි වන්දනාව | ||
| 650 | _a1986 | ||
| 942 | _cBK | ||
| 999 |
_c218186 _d218186 |
||